000 00789nam a2200205 4500
001 108916
003 ES-MaACL
005 20250929063146.0
007 t|
008 061121s1970 sp r ||||1| spa d
100 1 _aFernández-Miranda, Torcuato,
_d1915-1980
_9171853
245 0 3 _aEl Movimiento y el asociacionismo :
_bdeclaraciones del ministro secretario general del Movimiento... al director del diario "ABC" el día 11 de enero de 1970 y comentarios de prensa.
260 _aMadrid :
_bEdiciones del Movimiento,
_c1970.
300 _a149 p. ;
_c21 cm.
650 4 _aAsociaciones políticas-
_zEspaña.
_9171759
650 7 _aNacionalsindicalismo
_2embne
_9158045
710 2 _aEdiciones del Movimiento.
_9171800
852 _aES-MaACL
_jC-46275
999 _c108916
_d108916